Statistics for Largest Arctic Islands with a Map

Click here to take the quiz!

General Stats

  • This quiz has been taken 11,406 times
  • The average score is 6 of 24

Answers on the Map

Answers color-coded by a green-red scale on the quiz's map according to % correct below.
Loading ...
 

Answer Stats

ISLAND% Correct
Greenland
98%
Iceland
92%
Baffin
73%
Ellesmere
43%
Victoria
41%
Spitsbergen
28%
Banks
20%
Devon
16%
Severny
13%
Yuzhny
12%
Prince of Wales
11%
Melville
11%
Axel Heiberg
11%
Somerset
10%
Bathurst
9%
October Revolution
9%
Southampton
8%
Prince Patrick
8%
Nordaustlandet
8%
King William
8%
Bolshevik
8%
Ellef Ringnes
7%
Bylot
7%
Kotelny
4%

Score Distribution

Percentile by Number Answered

Percent of People with Each Score

Your Score History

You have not taken this quiz